Musica Proibita [ (Record no. 65987)

MARC details
000 -LEADER
campo de control de longitud fija 01097ndm a22002415i 4500
001 - NÚMERO DE CONTROL
campo de control C00069537c
005 - FECHA Y HORA DE LA ÚLTIMA TRANSACCIÓN
campo de control 20241029151428.0
008 - DATOS DE LONGITUD FIJA--INFORMACIÓN GENERAL
campo de control de longitud fija 150622s1931 xx sgz | n ita d
035 ## - NÚMERO DE CONTROL DEL SISTEMA
Número de control de sistema CCPB001221432-9
040 ## - FUENTE DE CATALOGACIÓN
Centro catalogador/agencia de origen CCPB-AB
Lengua de catalogación spa
Centro/agencia transcriptor CCPB-AB
Normas de descripción rdc
100 1# - ENTRADA PRINCIPAL--NOMBRE DE PERSONA
Nombre de persona Gastaldon, Stanislao (
Fechas asociadas al nombre 1861-1939)
9 (RLIN) 22525
245 10 - MENCIÓN DEL TÍTULO
Título Musica Proibita [
Medio Música notada manuscrita]
Resto del título : melodía, op. 5 /
Mención de responsabilidad, etc. música di S. Gastaldon ; parole di Flick-Flock.
260 ## - PUBLICACIÓN, DISTRIBUCIÓN, ETC.
Fecha de publicación, distribución, etc. 1931.
300 ## - DESCRIPCIÓN FÍSICA
Extensión 1 partitura (5 p.) ;
Dimensiones 31 cm.
500 ## - NOTA GENERAL
Nota general Copia manuscrita de la edición: "A. & G. Carish & C. Editori Milano; c. 1750; Tutti i diritti d'autore sone riservati", reproduciendo todas las indicaciones musicales de interpretación.
594 ## - NOTA AL TÍT. Y MENCIÓN DE RESPONSABILIDAD
Nota general Título y mención de responsabilidad tomados de cabecera.
596 ## - NOTAS A LA PUBLICACIÓN
Nota general Fecha tomada de la p. 5: "C-25-3-931"
650 #4 - PUNTO DE ACCESO ADICIONAL DE MATERIA--TÉRMINO DE MATERIA
Término de materia o nombre geográfico como elemento de entrada Canciones con piano.
9 (RLIN) 6553
700 1# - ENTRADA AGREGADA--NOMBRE PERSONAL
Nombre de persona Gastaldon, Stanislao (
Fechas asociadas al nombre 1861-1939),
Término indicativo de función/relación letrista.
9 (RLIN) 22525
852 ## - LOCALIZACIÓN
Ubicación M-RABA,
Número de control de estantería M-8183 --
Nota pública Anotación manuscrita a lápiz en cabecera: "(ver E. Caruso)"
Holdings
Estatus retirado Estado de pérdida Estado de daño No para préstamo Colección Biblioteca de origen Biblioteca actual Ubicación en estantería Fecha de adquisición Total de préstamos Signatura topográfica completa Código de barras Visto por última vez Precio de reemplazo Tipo de ítem Koha
        Música Real Academia de la Bellas Artes de San Fernando Real Academia de la Bellas Artes de San Fernando Depósito 1 16/03/2020   M-8183 1074020 15/10/2024 15/10/2024 Partitura moderna

Powered by Koha